• 首页
  • 本馆介绍
  • 公告通知
  • 最新文献
  • 馆藏检索
  • 电子资源
  • 读者导购
  • 参考咨询
  • 我的图书馆
  • 登录
  • 详细信息显示
  • 放入我的书架
  • 预约/预借图书
  • 作者相关作品
  • 分类相关作品
  • 丛书相关作品
  • 出版社相关作品

书目信息

  • 表格格式
  • 工作单格式
  • 卡片格式
题名:
教育学
    
 
作者: 邵宗杰 , 裴文敏 主编
分册:  
出版信息: 上海   华东师范大学出版社  1996
页数: 381页
开本: 20cm
丛书名:
单 册:
中图分类: G40
科图分类: 38.103
主题词: 教育学--师范大学--教材
电子资源:
ISBN: 7-5617-1491-2
000 00718nam0 2200241 45
001 0196040657
005 20070716081636.59
010    @a7-5617-1491-2@dCNY11.00
100    @a19960816d1996 em y0chiy0121 ea
101 0  @achi
102    @aCN@b310000
105    @ay z 000yy
200 10 @a教育学@AJIAO YU XUE@e修订版@EXIU DING BAN@f邵宗杰,裴文敏主编@FSHAO ZONG JIE , PEI WEN MIN ZHU BIAN
210    @a上海@c华东师范大学出版社@d1996@h1999
215    @a381页@d20cm
300    @a全国高等师范专科学校教材
606    @a教育学@x师范大学@x教材
690    @aG40
692    @a38.103
701  0 @a邵宗杰@ASHAO ZONG JIE@4主编
701  0 @a裴文敏@APEI WEN MIN@4主编
801  0 @aCN@bTSSF@c20070716
905    @a10447@dG40@e381=2
    
    教育学:修订版/邵宗杰,裴文敏主编.-上海:华东师范大学出版社,1996(1999)
    381页;20cm
    全国高等师范专科学校教材
    
    ISBN 7-5617-1491-2:CNY11.00
    
●
相关链接 在E读中查询图书 在五车中查询图书 在当当中查询图书 在豆瓣中查询图书


正题名:教育学     索取号:G40/381=2         预约/预借

序号 登录号 条形码 馆藏地/架位号 状态 备注
1 0654758   206547584   第一样本阅览室/ [索取号:G40/381=2] 在馆    
2 0779544   207795448   密集书库/ [索取号:G40/381=2] 在馆    
唐山师范学院图书馆 欢迎您!
大连网信软件有限公司© 版权所有